000 00662nam a2200217 a 4500
005 20241012063843.0
008 991125s1977 es 000 0 spa u
020 _a8425406846
035 _aUPN01000058048
049 _aCG
050 4 _aLB1045
_bM5.88
100 1 _aMichelet, André
245 1 4 _aLos útiles de la infancia /
_cAndré Michelet ; tr. María Colom de Llopis.
260 _aBarcelona, Esp. :
_bHerder,
_c1977.
300 _a506 p., xlviii p. de láms.
440 0 _aBiblioteca Herder.
_pSección de pedagogía ;
_v155
650 4 _aJuegos educativos
_93952
650 4 _aMateriales didácticos
_97263
905 _aLibro
999 _c58048
_d58048